|
|
|
|
| LEADER |
00000naa2a2200000 4500 |
| 001 |
164955 |
| 005 |
20231031161534.0 |
| 035 |
|
|
|a (RuTPU)RU\TPU\book\178951
|
| 090 |
|
|
|a 164955
|
| 100 |
|
|
|a 20090911d2008 k y0rusy50 ca
|
| 101 |
0 |
|
|a rus
|
| 102 |
|
|
|a RU
|
| 200 |
1 |
|
|a Проблема ориентации потребителя в информационном пространстве
|f П. В. Колозариди
|
| 320 |
|
|
|a Библиогр.: 4 назв.
|
| 463 |
|
0 |
|0 (RuTPU)RU\TPU\book\167187
|t Трансформация научных парадигм и коммуникативные практики в информационном социуме
|o сборник научных трудов I Всероссийской научно-практической конференции, Томск, 20-21 октября 2008 г.
|f Томский политехнический университет (ТПУ)
|v С. 28-29
|d 2008
|p 327 с.
|
| 610 |
1 |
|
|a потребители
|
| 610 |
1 |
|
|a информация
|
| 610 |
1 |
|
|a рынок
|
| 610 |
1 |
|
|a товары
|
| 610 |
1 |
|
|a позиционирование
|
| 610 |
1 |
|
|a коммуникация
|
| 610 |
1 |
|
|a труды учёных ТПУ
|
| 700 |
|
1 |
|a Колозариди
|b П. В.
|
| 801 |
|
1 |
|a RU
|b 63413507
|c 20090911
|
| 942 |
|
|
|c BK
|